Toutes les gares ferroviaires du Cantal - Statistiques

Statistiques générales
  • Ce quiz a été pris 20 fois
  • Le résultat moyen est 6 sur 12
Statistiques - réponses
Fréquentation annuelle Nom de la gare % Correct
204 937 Aurillac
100%
4 924 Saint-Flour - Chaudes-Aigues
88%
24 031 Massiac
71%
22 126 Murat
71%
14 971 Vic-sur-Cère
65%
21 224 Lioran
53%
11 553 Maurs
47%
41 074 Neussargues
47%
106 Ytrac
41%
5 725 Laroquebrou
35%
1 168 Pers
18%
100 Lacapelle-Viescamp
6%
Aucun quiz correspondant
Distribution des résultats
% des personnes avec chaque résultat
Percentile par nombre de réponses
Votre historique - résultats
Vous n’avez pas pris ce quiz